Normal view
MARC view
- Stacey, Weston M
Entry Personal Name
001 - CONTROL NUMBER
- control field: 114927
003 - CONTROL NUMBER IDENTIFIER
- control field: NUST
005 - DATE AND TIME OF LATEST TRANSACTION
- control field: 20230912165058.0
008 - FIXED-LENGTH DATA ELEMENTS
- fixed length control field: 230912|| aca||aabn | a|a d
040 ## - CATALOGING SOURCE
- Original cataloging agency: NUST
- Transcribing agency: NUST
100 ## - HEADING--PERSONAL NAME
- Personal name: Stacey, Weston M
670 ## - SOURCE DATA FOUND
- Source citation: Work cat.: (NUST): Stacey, Weston M., Nuclear reactor physics /, 2007
